000 00699nam a2200265Ia 4500
003 OSt
005 20221006142958.0
006 a|||||r|||| 00| 0
007 ta
008 221006b |||||||| |||| 00| 0 eng d
020 _a0333281667
_cP20.00
024 _a7,700
037 _cTextual
040 _aEASL
_cEASL
_beng
041 _2eng
_aeng
082 _aV42:1958.N75, M1
100 _aKIRBY E Stuart
245 0 _aRussian studies of Japan
_b An exploratory survey
260 _aLondon
_bMacmillan Press
_c1981
300 _a226p.
_ccm.
490 _v JEL
650 _aJEL
942 _hV42:1958.N75, M1
_cTEXL
_2CC
999 _c1075786
_d1075786